| Поле | Инд. | ПП | Название | Значение |
|---|---|---|---|---|
| Тип записи | a | |||
| Библиографический уровень | m | |||
| 001 | Контрольный номер | 67a3909f4bf346c6b42d915a5afff5c1 | ||
| 005 | Дата корректировки | 20160204133451.9 | ||
| 020 | a | ISBN | 978-5-98797-014-0 | |
| 040 | a | Служба первич. каталог. | НБ ТвГУ | |
| 080 | a | Индекс УДК | 910.4(985)(093.3) | |
| 084 | a | Индекс другой классификации/Индекс ББК | Д9(001)022 | |
| 090 | a | Полочн. индекс | Д9(001) | |
| x | Авторский знак | В 68 | ||
| 100 | 1_ | a | Автор | Волович Виталий Георгиевич |
| d | Дата | 1923-2013 | ||
| q | Полное имя | Волович В. Г. | ||
| 245 | 00 | a | Заглавие | Полярные дневники участника секретных полярных экспедиций 1949-1955 гг. |
| c | Ответственность | авт. предисл. Ю. К. Бурлаков, вице-президент Ассоц. полярников, д. чл. Рус. геогр. о-ва | ||
| 260 | c | Дата издания | 2010 | |
| a | Место издания | Москва | ||
| b | Издательство | Paulsen | ||
| 300 | a | Объем | 543, [8] с. | |
| b | Иллюстрации/ тип воспроизводства | ил., портр., карты, факс. | ||
| 440 | _0 | a | Серия | Международный полярный год |
| 504 | a | Библиография | Осн. труды В. Г. Воловича: с. 543 (12 назв.) | |
| 520 | 0_ | a | Аннотация | Виталий Георгиевич Волович (р. 1923 г.) - знаменитый полярник, парашютист, военный врач, основоположник медицины выживания в СССР, участник четырёх секретных полярных экспедиций, человек, который первым в мире спрыгнул с парашютом на Северный полюс (1949 г.). На данный момент Волович - один из немногих до сих пор здравствующих участников знаменитой советской полярной эпопеи. Избегая свойственных советским временам умолчаний, простым и ёмким языком Волович рассказывает о своем участии в экспедициях "Север-4", "Север-5", "Северный Полюс-2" и "Северный Полюс-3". Книга изобилует описанием поистине замечательных фактов из жизни исследователей Севера. |
| 653 | 0_ | a | Ключевые слова | Северный полюс |
| a | Ключевые слова | Арктические экспедиции | ||
| a | Ключевые слова | Полярные экспедиции | ||
| a | Ключевые слова | Секретные полярные экспедиции | ||
| a | Ключевые слова | Арктика | ||
| a | Ключевые слова | 1949-1955 гг. | ||
| a | Ключевые слова | Дневники | ||
| a | Ключевые слова | Полярники | ||
| a | Ключевые слова | Волович Виталий Георгиевич | ||
| 700 | 12 | a | Другие авторы | Бурлаков Юрий Константинович |
| e | Роль лиц | авт. предисл. | ||
| 901 | t | Тип документа | m | |
| 920 | a | Оператор | Хохл | |
| a | Оператор | Суха | ||
| a | Оператор | Густ | ||
| a | Оператор | Стро | ||
| 930 | a | Новая/Ретро | новая | |
| 952 | c | Вид литературы | К рх | |
| 954 | b | Дата поступления в ОК | 20151005 | |
| a | Дата поступления на обработку | 20160203 | ||
| c | Дата окончания ОНО | 20160204 |